000 00596nam a22001817a 4500
005 20251108165331.0
008 250721s1978 xx 000 0 ara d
082 1 4 _a928.4/فلو
100 1 _aبرومبير، فيكتور
245 1 0 _aغوستاف فلوبير /
264 1 _aبيروت :
_bالمؤسسة العربية للدراسات و النشر،
_c1978.
300 _a192ص
490 0 _aسلسلة أعلام الفكر العالمي المعاصر
650 1 7 _aالأدب الفرنسي
700 1 _aشملي، غالية
_eترجمة
942 _2ddc
_cBK
999 _c25329
_d25329